000 00470nam a2200121Ia 4500
008 160712s9999 xx 000 0 und d
100 _aCamposano, Clement C.
245 _cClement C. Camposano
_aEnacting Embeddedness through the Transnational Traffic in Goods: The Case of Ilonggo OFWs in Hong Kong
260 _c2011
_bReview of Women's Studies
300 _avol. 21 no. 2
650 _xWOMEN
856 _uhttp://journals.upd.edu.ph/index.php/rws/issue/view/440/showToc
999 _c297696
_d297696